000
00283nam a2200133Ia 4500
100
_a
Zemansky/M.W/ Dittman.
942
_c
BK
654
_a
Heat
245
_a
Heat and Therodtynamics
260
_b
McGraw Hill
_a
Auckland
_c
1984
082
_a
536
300
_a
543
546
_a
ENGLISH
999
_c
19520
_d
19520